| 000 | 00824cam a2200265 a 4500 | ||
|---|---|---|---|
| 001 | 2388189 | ||
| 003 | NUST - PNEC | ||
| 005 | 20170116181050.0 | ||
| 008 | 851209s1986 njua 001 0 eng | ||
| 010 | _a 85030541 | ||
| 020 | _a0810463970 (pbk.) | ||
| 040 | _cLIBRARY | ||
| 050 | 0 | 0 |
_aQA76.73.F25 _bF67155 1986 |
| 082 | 0 | 0 |
_a005.133 FUO _219 |
| 100 |
_911806 _aFuori William |
||
| 245 | 0 | 0 |
_aFORTRAN 77 : elements of programming style _cWilliam M. Fuori |
| 260 |
_aHasbrouck Heights, N.J. : _bHayden Book Co., _cc1986. |
||
| 300 |
_a358 p. : _bill. ; _c24 cm. |
||
| 440 | 4 | _aThe Art of programming IBM personal computers | |
| 500 | _aIncludes index. | ||
| 650 | 0 |
_aFORTRAN 77 (Computer program language) _xMIS, Computer |
|
| 700 | 1 | _aFuori, William M. | |
| 740 | 0 | _aFORTRAN seventy-seven. | |
| 942 |
_2ddc _cBK |
||
| 999 |
_c68343 _d68343 |
||